BIBLIOTHÈQUE DE LA MAISON DU MEXIQUE

Logo 1 Logo 2

Apuntes para la historia de la guerra entre México y los Estados Unidos (notice nᵒ 3760)

détails MARC
000 -Sello discográfico
campo de control de longitud fija 01194nam a2200349 4500
005 - Identificación de versión
campo de control 20251016083652.0
035 ## - Otros números de control del sistema
Número de control del sistema 14007
099 ## - fechas locales
Tipo de ítem Koha LIBRO
100 ## - Datos de procesamiento general
Datos de procesamiento general 19981209d19771970m y1spay5003 ba
105 ## - Campo de datos codificados: Material textual, monográfico
Datos codificados de monografía a 001zy
200 1# - Título y mención de responsabilidad
Título propio Apuntes para la historia de la guerra entre México y los Estados Unidos
Designación general del material texto impreso
Primer mención de responsabilidad Ramón Alcaraz, Alejo Barreiro, José María Castillo ... [et al.]
205 ## - Declaración de edición
Declaración de edición 3a ed
210 ## - Publicación, distribución, etc.
Lugar de publicación, distribución, etc. México
Nombre del editor, distribuidor, etc. Siglo Veintiuno Editores
Fecha de publicación, distribución, etc. 1977
215 ## - Descripción física
Designación de material específico y extensión del ítem 401 p
Otras características físicas il.
Dimensiones 23 cm
300 ## - Notas generales
Texto de la nota Facsímil de la edición de 1848
345 ## - Nota de información de adquisición
Fuente de adquisición/dirección de la suscripción [OBSOLETO] Donación del Centro Cultural
410 #1 - Series
Título Historia
607 ## - Nombre geográfico utilizado como tema
Elemento de entrada Estados Unidos
Subdivisión temática Historia
Subdivisión cronológica Guerra con México, 1845-1848
Número Koha 2356
607 ## - Nombre geográfico utilizado como tema
Elemento de entrada México
Subdivisión temática Historia
Subdivisión cronológica 1821-1861
Número Koha 2709
607 ## - Nombre geográfico utilizado como tema
Elemento de entrada México
Subdivisión temática Historia
Subdivisión cronológica Guerra con Estados Unidos, 1845-1848
Número Koha 487
660 ## - Código de área geográfica
Código MX
700 ## - Nombre personal - Responsabilidad primaria
Elemento de entrada Alcaraz
Parte del nombre distinta del elemento de entrada Ramón
Número Koha 7472
701 ## - Nombre personal - Responsabilidad alternativa
Elemento de entrada Barreiro
Parte del nombre distinta del elemento de entrada Alejo
Número Koha 7473
701 ## - Nombre personal - Responsabilidad alternativa
Elemento de entrada Castillo
Parte del nombre distinta del elemento de entrada José María
Número Koha 7474
801 #0 - Fuente de origen
Agencia cm
900 ## -
-- 1/17905
900 ## -
-- 710989509\\091298
942 ## - ELEMENTOS DE ENTRADA SECUNDARIOS (KOHA)
Tipo de ítem Koha Livre
996 ## -
-- MEX
-- 751145101
-- MMAG
-- 010344
-- 972.05 A655
-- 20240603LIV
Exemplaires
Estatus retirado Estado de daño Estado de pérdida Fecha de adquisición Biblioteca de origen Biblioteca actual Ubicación en estantería Código de barras Precio de reemplazo Signatura topográfica completa No para préstamo Tipo de ítem Koha Nota pública Nota no pública
      05/08/2025 Casa México Paris Casa México Paris   010344 05/08/2025 972.05 A655   Livre 20240603LIV 751145101